Calciatori nazionale italiana (esordio 1970-1979) - Statistics

Statistiche generali
  • Questo quiz è stato fatto 4 volte
  • Il punteggio medio è 19 su 34
Statistiche sulle risposte
Presenze Reti Anno esordio Anno ultimo incontro Presenze per club di appartenenza Calciatore % Corretto
73 9 1978 1987 Juventus Antonio Cabrini
100%
64 23 1975 1983 47   Torino, 17   Fiorentina Francesco Graziani
100%
63 6 1972 1983 57   Juventus, 6   Udinese Franco Causio
100%
50 3 1979 1986 33   Milan, 17   Inter Fulvio Collovati
100%
78 2 1975 1986 Juventus Gaetano Scirea
100%
73 7 1974 1983 Fiorentina Giancarlo Antognoni
100%
18 0 1979 1986 Inter Giuseppe Baresi
100%
81 6 1976 1985 80   Juventus, 1   Inter Marco Tardelli
100%
7 0 1977 1979 Roma Paolo Conti
100%
19 5 1973 1978 Torino Paolo Pulici
100%
48 20 1977 1986 14   Vicenza, 5   Perugia, 27   Juventus, 2   Milan Paolo Rossi
100%
42 19 1975 1983 Juventus Roberto Bettega
100%
13 0 1975 1978 Juventus Antonello Cuccureddu
67%
71 1 1975 1984 Juventus Claudio Gentile
67%
18 0 1971 1978 Torino Claudio Sala
67%
14 4 1972 1975 Lazio Giorgio Chinaglia
67%
22 -20 1978 1985 14   Inter, 8   Sampdoria Ivano Bordon
67%
8 0 1976 1980 Torino Patrizio Sala
67%
25 2 1975 1980 Torino Renato Zaccarelli
67%
55 2 1971 1980 22   Juventus, 29   Milan, 4   Roma Romeo Benetti
67%
10 0 1976 1980 Milan Aldo Maldera
33%
32 8 1972 1976 27   Juventus, 5   Milan Fabio Capello
33%
11 0 1973 1975 Juventus Francesco Morini
33%
28 1 1978 1983 Inter Gabriele Oriali
33%
32 0 1972 1979 7   Inter, 24   Bologna, 1   Napoli Mauro Bellugi
33%
6 0 1978 1982 Roma Roberto Pruzzo
33%
5 0 1972 1973 Torino Aldo Agroppi
0%
13 1 1978 1985 12   Lazio, 1   Napoli Bruno Giordano
0%
6 0 1975 1978 Torino Eraldo Pecci
0%
18 1 1974 1976 Roma Francesco Rocca
0%
5 0 1972 1973 Juventus Gianpietro Marchetti
0%
19 0 1971 1974 Juventus Luciano Spinosi
0%
7 0 1973 1976 Fiorentina Moreno Roggi
0%
6 0 1976 1977 Torino Roberto Mozzini
0%
Nessun quiz corrispondente trovato
Distribuzione punteggi
Percentuale di utenti per punteggio
Percentile per numero di risposta
I tuoi punteggi nel tempo
Non hai fatto questo quiz